000 01400nam a2200325 a 4500
001 BRCA_8597
005 20190320210336.0
008 290816s1730----it-#######---#000-0#lat-#
041 _alat
044 _ait
050 4 _aBX2015
_b.B74
_c1730
245 1 0 _aBreviarium romanum ex decreto sacrosancti concili tridenti restitutum S. PII V. Pontificis maximi jussu editum Clementis VIII & Urbani VIII auctoritate recognitum in quo officia novissima sanctorum accurate sun disposita.
260 _aVenetis
_bEx typographia balleoniana
_c1730
300 _a1 vol. (con varias paginaciones)
_c33 cm
500 _aFondo antiguo
500 _aSe encuentra en Caja Fuerte
500 _aW-51
500 _aPortada impresa a dos tintas negro y rojo, con grabado
500 _aTexto escrito a dos columnas
500 _aCon Ex-libris de: Franz Mayer
500 _aGrabados en las páginas 108 y 160
500 _aUso de letras capitulares
500 _aIncluye tablas
500 _aEstado físico: encuadernación deteriorada del lomo, páginas 33 y 34 desprendidas
500 _aNota de encuadernación: piel con tapas en cartón, ordamentos dorados, cantoneras metálicas, edición de cantos dorados
506 0 _aFondo reservado: para su consulta es necesario credencial de usuario y carta de motivos
650 1 4 _aIglesia católica
_eLiturgia
_915525
902 _aLAR
942 _2lcc
_cB
999 _c8260
_d8260